000 00814nam a2200265 a 4500
001 000014958
005 20200929163930.0
008 100127s1980 sp 000 0 spa d
020 _a8472228983
040 _aDO-SdBNP
_bspa
_cBNPHU
082 _aNNNN
_bK18p
245 0 0 _aPoder y oposición en las sociedades postrevolucionarias /
_cK. S. Karol ... [et al.] ; traducción de Juana Bignozzi.
260 _aBarcelona :
_bLaia,
_c1980.
300 _a278, [7] p. ;
_c20 cm.
490 1 _aPaperback
_v49
700 1 _aBignozzi, Juana,
_etr.
_933853
700 1 _aKarol, K. S.,
_933854
700 1 _aRossanda, R.,
_933855
700 1 _aSinger, D.,
_933856
700 1 _aPliusc, L.,
_933857
700 1 _aGirardet, G.,
_933858
700 1 _aMarek, F.,
_933859
830 0 _aPaperback ;
_v49
_933860
049 _aBNGR
999 _c14533
_d14533